00880nam a2200217Ia 4500008004100000082001800041100001700059245002600076250000800102260002900110300001100139500002400150650001500174700002100189942000700210952010700217952010700324952010700431952010700538999001700645230524s9999 xx 000 0 und d a621.3821bHEM aK.B.Hemalata 0aPower System Analysis a1ST aNEW DELHIbScitechc2005 aXB;475 aQuantity Number: 4 aElectrical a S.T.Jayashrista cBK 00104070aTATCLbTATCLcGENd2023-05-24l0o621.3821 HEMp6455r2023-05-24w2023-05-24yBKzPCEE4402 00104070aTATCLbTATCLcGENd2023-05-24l0o621.3821 HEMp6456r2023-05-24w2023-05-24yBKzPCEE4402 00104070aTATCLbTATCLcGENd2023-05-24l0o621.3821 HEMp6915r2023-05-24w2023-05-24yBKzPCEE4402 00104070aTATCLbTATCLcGENd2023-05-24l0o621.3821 HEMp6916r2023-05-24w2023-05-24yBKzPCEE4402 c20392d20392